Les rappeurs avec le plus de fans sur Deezer - Statistiques

Statistiques générales
  • Ce quiz a été pris 155 fois
  • Le résultat moyen est 13 sur 30
Statistiques - réponses
Classement Nombre de fans Rappeur % Correct
1 10 357 000 Jul
98%
2 8 245 000 Ninho
85%
3 6 121 000 Gims
81%
4 6 054 000 Booba
78%
6 4 828 000 Damso
77%
7 4 374 000 Niska
72%
5 5 587 000 PNL
72%
19 2 038 000 PLK
69%
18 2 041 000 Kaaris
68%
13 2 783 000 SCH
68%
23 1 953 000 Gazo
54%
12 2 821 000 Nekfeu
43%
14 2 714 000 Naps
42%
17 2 508 000 Orelsan
39%
16 2 544 000 Koba LaD
38%
22 1 975 000 Maes
38%
9 3 065 000 Dadju
31%
20 2 023 000 La Fouine
31%
28 1 746 000 Zola
31%
11 2 942 000 Djadja & Dinaz
26%
8 3 642 000 Lacrim
25%
25 1 831 000 Alonzo
24%
10 3 000 000 Soprano
24%
15 2 576 000 Black M
20%
26 1 773 000 Soolking
16%
24 1 938 000 MHD
14%
21 1 981 000 Sofiane
14%
29 1 649 000 Niro
13%
30 1 599 000 Lartiste
6%
27 1 753 000 Mister You
4%
Aucun quiz correspondant
Distribution des résultats
% des personnes avec chaque résultat
Percentile par nombre de réponses
Votre historique - résultats
Vous n’avez pas pris ce quiz